header

The Jewish radical right (Record no. 231561)

MARC details
000 -LEADER
fixed length control field 01798nam a22003734a 4500
082 04 - DEWEY DECIMAL CLASSIFICATION NUMBER
Classification number 320.54/095694
100 1# - MAIN ENTRY--AUTHOR NAME
Personal name Kaplan, Eran.
245 14 - TITLE STATEMENT
Title The Jewish radical right
260 ## - PUBLICATION, DISTRIBUTION, ETC. (IMPRINT)
Place of publication Madison, Wis. :
Name of publisher University of Wisconsin Press,
Year of publication c2005.
300 ## - PHYSICAL DESCRIPTION
Number of Pages xix, 234 p. :
Other physical details ill.
490 1# - SERIES STATEMENT
Series statement Studies on Israel
505 0# - FORMATTED CONTENTS NOTE
Formatted contents note Between left and right : Revisionism in Zionist politics -- Monism : Revisionism's ontological philosophy -- A mobilized society : Revisionist economics -- The state of pleasure : Revisionist aesthetics -- Land, space and gender : visions of the future Hebrew state -- Neither east nor west : Revisionism and the Mediterranean world.
650 #0 - SUBJECT ADDED ENTRY--TOPICAL TERM
Topical Term Revisionist Zionism
Topical Term Religious right
Topical Term Right and left (Political science)
856 40 - ELECTRONIC LOCATION AND ACCESS
Uniform Resource Identifier http://site.ebrary.com/lib/rucke/Doc?id=10217093

No items available.

© 2026 Rongo University
Contact us: librarian | system librarian | Rongo university